<?xml version="1.0" encoding="UTF-8"?>
<marc:record xmlns:marc="http://www.loc.gov/MARC21/slim">
   <marc:leader>00000nam a2200000 a 4500</marc:leader>
   <marc:datafield ind1="1" ind2=" " tag="100">
      <marc:subfield code="a">Wolz, Heiko</marc:subfield>
      <marc:subfield code="4">aut</marc:subfield>
      <marc:subfield code="e">Verfasser/-in</marc:subfield>
   </marc:datafield>
   <marc:datafield ind1="1" ind2=" " tag="100">
      <marc:subfield code="a">Sedlaczek, André</marc:subfield>
   </marc:datafield>
   <marc:datafield ind1=" " ind2=" " tag="653">
      <marc:subfield code="a">Minecraft</marc:subfield>
   </marc:datafield>
   <marc:datafield ind1="0" ind2="0" tag="245">
      <marc:subfield code="a">Schleim - bis zum Hals!</marc:subfield>
   </marc:datafield>
   <marc:datafield ind1="0" ind2="0" tag="245">
      <marc:subfield code="b">für Fans von Minecraft</marc:subfield>
   </marc:datafield>
   <marc:datafield ind1="0" ind2="0" tag="245">
      <marc:subfield code="c">Wolz, Heiko</marc:subfield>
   </marc:datafield>
   <marc:datafield ind1=" " ind2="1" tag="264">
      <marc:subfield code="a">Hamburg</marc:subfield>
      <marc:subfield code="b">Carlsen</marc:subfield>
      <marc:subfield code="c">2024</marc:subfield>
   </marc:datafield>
   <marc:datafield ind1="1" ind2=" " tag="490">
      <marc:subfield code="a">Einfach lesen lernen</marc:subfield>
   </marc:datafield>
   <marc:datafield ind1=" " ind2=" " tag="250">
      <marc:subfield code="a">1. Aufl.</marc:subfield>
   </marc:datafield>
   <marc:datafield ind1="1" ind2=" " tag="520">
      <marc:subfield code="a">Achtung, es wird schleimig! Band 9 der beliebten Minecraft-Erstleser-Reihe&#xD;
Das Dorf, in dem Stefan, Anna und der Zombie Brokkoli leben, erwartet den Besuch von Bewohnern eines anderen Dorfes. Zu diesem Anlass möchten sie seltene Blumen pflanzen, die man mit Hilfe von Schnüfflern finden kann. Schon bald sprießen die ersten Spitzen – doch dann taucht auch noch etwas auf, das den Besuch zu ruinieren droht: Schleim!&#xD;
Einfach Lesen Lernen - das ideale Geschenk zum Schulbeginn und der perfekte Lesestart, vor allem für Jungen:3. Lesestufe: Einfache Schrift, kurze KapitelKleine Texteinheiten in Kombination mit vielen bunten BildernComicelemente, um die Sehgewohnheiten von Kindern zu berücksichtigen&#xD;
Spannung, Abenteuer, Technik -  packender Mix für Leseanfänger*innen ab 6Mit Lese-Urkunde und Mini-Wörterbuch&#xD;
Alle Bände der Serie:Band 1: Zombies – bis der Arzt kommt!Band 2: Monster – bis zum Umfallen!Band 3: Drachenrache – bis zum Ende!Band 4: Ungeheuer – bis zum Untergang!Band 5: Bösewichte – bis zum Abwinken! Band 6: Geister – bis das Schwein pfeift!Band 7: Skelette – bis die Knochen klappern!Band 8: Spinnen – bis die Netze beben! Band 9: Schleim – bis zum Hals!&#xD;
Bände mit zweifarbiger Silbenmarkierung zum ersten Lesenlernen:Abenteuer – bis die Schule wackelt!Fackeln – bis die Scheune brennt! &#xD;
Kein offizielles Minecraft-Produkt. Nicht von Mojang genehmigt oder mit Mojang verbunden.</marc:subfield>
   </marc:datafield>
   <marc:datafield ind1=" " ind2=" " tag="020">
      <marc:subfield code="a">9783551068699</marc:subfield>
      <marc:subfield code="9">9783551068699</marc:subfield>
   </marc:datafield>
   <marc:datafield ind1=" " ind2=" " tag="020">
      <marc:subfield code="a">3551068690</marc:subfield>
      <marc:subfield code="9">3551068690</marc:subfield>
   </marc:datafield>
   <marc:datafield ind1=" " ind2=" " tag="041">
      <marc:subfield code="a">ger</marc:subfield>
   </marc:datafield>
   <marc:datafield ind1=" " ind2=" " tag="300">
      <marc:subfield code="b">Illustrationen</marc:subfield>
   </marc:datafield>
   <marc:datafield ind1=" " ind2=" " tag="300">
      <marc:subfield code="a">71 Seiten</marc:subfield>
   </marc:datafield>
</marc:record>
